Top 1000 U.S. Last Names - Statistics

General Stats
  • This quiz has been taken 10,368 times
  • The average score is 262 of 1000
Answer Stats
SURNAME % Correct
JOHNS
87%
SMITH
87%
LE
85%
JOHNSON
84%
LI
82%
HO
80%
JACKSON
79%
BLACK
78%
BROWN
78%
WHITE
78%
WILLIAMS
78%
LEE
76%
ADAMS
75%
GREEN
75%
JAMES
75%
JONES
72%
HARRIS
71%
ANDERSON
69%
LIN
68%
MARTIN
68%
THOMAS
68%
DAVID
66%
PARK
66%
RICH
66%
ROBERTS
66%
TAYLOR
66%
DAVIS
65%
MILLER
65%
WASHINGTON
65%
WILSON
65%
HARRISON
64%
PETERS
64%
RICHARD
64%
CARTER
63%
KING
63%
LU
63%
RICHARDS
62%
THOMPSON
61%
FRANK
60%
CHAN
59%
PARKER
59%
WOOD
59%
ALLEN
58%
COOPER
58%
DAVIDSON
58%
FORD
58%
GRAY
58%
LEWIS
58%
ANDREWS
57%
DANIEL
57%
PETERSON
57%
WEST
57%
GRANT
56%
HILL
56%
MICHAEL
56%
PAUL
56%
STEVENS
56%
YOUNG
56%
CLARK
55%
DANIELS
55%
GEORGE
55%
KENNEDY
55%
LOPEZ
55%
MORRIS
55%
ROBERTSON
55%
EDWARDS
54%
EVANS
54%
MCDONALD
54%
RICHARDSON
54%
TYLER
54%
BAKER
53%
BUSH
53%
MAY
53%
RODRIGUEZ
53%
SCOTT
53%
WALL
53%
BARR
52%
BELL
52%
HERNANDEZ
52%
JEFFERSON
52%
MARTINEZ
52%
MOORE
52%
ALEXANDER
51%
CHARLES
51%
COLE
51%
GARCIA
51%
MATTHEWS
51%
COLLINS
50%
HALL
50%
HUNT
50%
JORDAN
50%
SIMPSON
50%
WILLIAMSON
50%
WOODS
50%
HENRY
49%
ROSE
49%
CARR
48%
GOMEZ
48%
KIM
48%
MITCHELL
48%
PHILLIPS
48%
WALKER
48%
CHANG
47%
FRANKLIN
47%
HUNTER
47%
MASON
47%
MORRISON
47%
OLIVER
47%
ROBINSON
47%
STONE
47%
BRYAN
46%
HART
46%
LAWRENCE
46%
MORGAN
46%
NELSON
46%
OWEN
46%
RAY
46%
ROSS
46%
RYAN
46%
SANDERS
46%
STEWART
46%
WALTER
46%
HOWARD
45%
KELLY
45%
MURPHY
45%
PERRY
45%
ROGERS
45%
STEPHENS
45%
TURNER
45%
WATSON
45%
ALI
44%
FERNANDEZ
44%
HENDERSON
44%
LONG
44%
MANN
44%
MARSH
44%
STEVENSON
44%
MONROE
43%
PORTER
43%
SANCHEZ
43%
BALL
42%
BECK
42%
BRADLEY
42%
CARSON
42%
COOK
42%
GONZALEZ
42%
HAMILTON
42%
JACOBS
42%
REED
42%
SIMON
42%
WELLS
42%
WRIGHT
42%
CHEN
41%
CRUZ
41%
DONALDSON
41%
ELLIS
41%
FISHER
41%
FOX
41%
GRAHAM
41%
HAYES
41%
NICHOLS
41%
OWENS
41%
POTTER
41%
WILLIS
41%
ANTHONY
40%
BENSON
40%
BLAKE
40%
BROOKS
40%
DEAN
40%
DOUGLAS
40%
GREENE
40%
HUGHES
40%
LEON
40%
LUCAS
40%
MARSHALL
40%
PEREZ
40%
REYNOLDS
40%
WALLACE
40%
WANG
40%
WARREN
40%
BENJAMIN
39%
BURNS
39%
CAMERON
39%
DAY
39%
FIELDS
39%
FRANCIS
39%
FREEMAN
39%
JOSEPH
39%
MURRAY
39%
NGUYEN
39%
AUSTIN
38%
BERRY
38%
BRADY
38%
DAWSON
38%
HARPER
38%
KNIGHT
38%
NIXON
38%
PATRICK
38%
PIERCE
38%
RAMIREZ
38%
SHAW
38%
WARD
38%
ARNOLD
37%
BAILEY
37%
CAMPBELL
37%
COX
37%
DIAZ
37%
GOOD
37%
HUDSON
37%
MILLS
37%
RILEY
37%
STANLEY
37%
BARKER
36%
BARRY
36%
BENNETT
36%
BRYANT
36%
CHRISTIAN
36%
COLEMAN
36%
DENNIS
36%
GREGORY
36%
HOLMES
36%
JOHNSTON
36%
LAWSON
36%
NEWTON
36%
PATTERSON
36%
PRICE
36%
PRINCE
36%
QUINN
36%
RUSSELL
36%
WALTERS
36%
WONG
36%
WU
36%
ABBOTT
35%
ALVAREZ
35%
BARNES
35%
FOSTER
35%
GORDON
35%
LAM
35%
LOVE
35%
NEWMAN
35%
PARKS
35%
SIMMONS
35%
SULLIVAN
35%
WATERS
35%
ARMSTRONG
34%
BANKS
34%
CLAY
34%
HANSON
34%
LEONARD
34%
LOGAN
34%
MILES
34%
OBRIEN
34%
OCONNOR
34%
SPENCE
34%
VINCENT
34%
BUTLER
33%
CARLSON
33%
CARPENTER
33%
CLARKE
33%
CURTIS
33%
DIXON
33%
GILL
33%
JENKINS
33%
LANE
33%
MARKS
33%
MEYER
33%
NORRIS
33%
PATEL
33%
REID
33%
RICE
33%
STEPHENSON
33%
TUCKER
33%
YANG
33%
BERG
32%
CHASE
32%
FARMER
32%
GRIFFIN
32%
HARVEY
32%
HOUSTON
32%
HOWE
32%
KENT
32%
LANG
32%
LARSON
32%
LOWE
32%
NICHOLSON
32%
NORMAN
32%
PALMER
32%
POWELL
32%
RIVERS
32%
SPENCER
32%
SUMMERS
32%
BURTON
31%
CONNER
31%
GIBSON
31%
LIU
31%
MAXWELL
31%
MENDEZ
31%
MORA
31%
RAYMOND
31%
SCHMIDT
31%
TORRES
31%
ASHLEY
30%
ATKINS
30%
BATES
30%
CORTEZ
30%
CRAIG
30%
CRAWFORD
30%
DUNN
30%
ELLIOTT
30%
FREDERICK
30%
GILBERT
30%
HOFFMAN
30%
KERR
30%
MANNING
30%
MONTGOMERY
30%
OLSON
30%
RODGERS
30%
STEIN
30%
WADE
30%
WALSH
30%
WARNER
30%
WATTS
30%
WEBB
30%
WILKINS
30%
AVERY
29%
BARTON
29%
BURKE
29%
CHANDLER
29%
COHEN
29%
CURRY
29%
DUNCAN
29%
FITZGERALD
29%
GARDNER
29%
GATES
29%
HALE
29%
HOLLAND
29%
LITTLE
29%
MACK
29%
MOSS
29%
MYERS
29%
OLSEN
29%
PAGE
29%
PRESTON
29%
ROY
29%
SINGH
29%
STUART
29%
YORK
29%
BARRETT
28%
BECKER
28%
BLAIR
28%
BRUCE
28%
CASE
28%
CHURCH
28%
DRAKE
28%
FLORES
28%
GONZALES
28%
LAMB
28%
MACDONALD
28%
MCCARTHY
28%
NORTON
28%
ORTIZ
28%
RIVERA
28%
ROBBINS
28%
ROMAN
28%
SAMPSON
28%
SAWYER
28%
TERRY
28%
WOLF
28%
YU
28%
ALLISON
27%
ANDERSEN
27%
BUCK
27%
FULLER
27%
GARRETT
27%
KELLER
27%
KIRK
27%
POWERS
27%
SANTOS
27%
SHORT
27%
ZIMMERMAN
27%
ARCHER
26%
ATKINSON
26%
BALDWIN
26%
BAXTER
26%
BISHOP
26%
BOND
26%
DICKSON
26%
FERGUSON
26%
FLETCHER
26%
GLENN
26%
GRIFFITH
26%
GUTIERREZ
26%
HANSEN
26%
HOWELL
26%
JENSEN
26%
MORTON
26%
NOLAN
26%
ORTEGA
26%
PAYNE
26%
PEARSON
26%
PERKINS
26%
REEVES
26%
RUIZ
26%
SHERMAN
26%
SILVA
26%
TANNER
26%
VANCE
26%
BARNETT
25%
BOYD
25%
CLAYTON
25%
CROSS
25%
GARNER
25%
GOODMAN
25%
HARDIN
25%
HAWKINS
25%
HOLT
25%
HOOVER
25%
HOPKINS
25%
JACOBSON
25%
JENNINGS
25%
KANE
25%
LLOYD
25%
MAYER
25%
MEYERS
25%
MOON
25%
MORALES
25%
NEAL
25%
PARSONS
25%
RANDALL
25%
REYES
25%
SANTIAGO
25%
SHARP
25%
TATE
25%
TRAVIS
25%
WALTON
25%
WINTERS
25%
BARBER
24%
BERNARD
24%
CAREY
24%
CARROLL
24%
CHAPMAN
24%
DOYLE
24%
DUKE
24%
ERICKSON
24%
FISCHER
24%
FOWLER
24%
HARDY
24%
KLEIN
24%
SAUNDERS
24%
SCHNEIDER
24%
SWANSON
24%
VO
24%
WILKINSON
24%
YATES
24%
ZHANG
24%
BRIDGES
23%
CASEY
23%
CHAMBERS
23%
CHAVEZ
23%
CUNNINGHAM
23%
FLOWERS
23%
FLOYD
23%
FRENCH
23%
HARDING
23%
HICKS
23%
HIGGINS
23%
HORN
23%
JIMENEZ
23%
LYNCH
23%
LYNN
23%
MCKENZIE
23%
MENDOZA
23%
NASH
23%
NUNEZ
23%
ONEAL
23%
ONEILL
23%
RAMSEY
23%
REESE
23%
SCHWARTZ
23%
SIMS
23%
SMALL
23%
STEELE
23%
TODD
23%
VASQUEZ
23%
WAGNER
23%
WEAVER
23%
WEBER
23%
WEBSTER
23%
BENTON
22%
BERGER
22%
BOOKER
22%
BOONE
22%
CASTRO
22%
DILLON
22%
DOMINGUEZ
22%
HERMAN
22%
KELLEY
22%
LAMBERT
22%
LESTER
22%
POPE
22%
RAMOS
22%
ROWE
22%
STARK
22%
STRONG
22%
SUAREZ
22%
TRAN
22%
WALLS
22%
WHEELER
22%
AGUILAR
21%
BOWEN
21%
CASTILLO
21%
CORTES
21%
CUMMINGS
21%
DALTON
21%
ELLISON
21%
ENGLISH
21%
EVERETT
21%
GIBBS
21%
GRAVES
21%
HAMMOND
21%
HAMPTON
21%
HORTON
21%
KEITH
21%
KHAN
21%
MCCOY
21%
MORAN
21%
MORENO
21%
MUELLER
21%
ROMERO
21%
SCHULTZ
21%
SHEPHERD
21%
SPEARS
21%
THORNTON
21%
VEGA
21%
WELCH
21%
ACOSTA
20%
ADKINS
20%
BASS
20%
BEST
20%
BOOTH
20%
BOWMAN
20%
BRADFORD
20%
BREWER
20%
BYRD
20%
CAIN
20%
COSTA
20%
DURAN
20%
FARRELL
20%
FLYNN
20%
GROSS
20%
HERRERA
20%
HULL
20%
JUAREZ
20%
LIM
20%
MALONE
20%
MARQUEZ
20%
MAYS
20%
MCGEE
20%
MOSES
20%
SHELTON
20%
SOLOMON
20%
VARGAS
20%
VAUGHN
20%
VILLA
20%
AHMED
19%
BARRON
19%
BEAN
19%
BENTLEY
19%
BRENNAN
19%
BROWNING
19%
BUCHANAN
19%
CRANE
19%
DELGADO
19%
DONOVAN
19%
FITZPATRICK
19%
FRANCO
19%
GALLAGHER
19%
GOODWIN
19%
GUERRERO
19%
HARMON
19%
HARRINGTON
19%
HENDRICKS
19%
HENSON
19%
HOBBS
19%
HODGE
19%
HOGAN
19%
HORNE
19%
HUANG
19%
HUFF
19%
HUMPHREY
19%
KNOX
19%
MAYO
19%
MEDINA
19%
OCONNELL
19%
ODONNELL
19%
PETERSEN
19%
PITTS
19%
RUSH
19%
SHANNON
19%
SNYDER
19%
SUTTON
19%
VALDEZ
19%
VELASQUEZ
19%
WISE
19%
WOLFE
19%
AVILA
18%
BAUER
18%
BOYLE
18%
BROCK
18%
CANNON
18%
ESTRADA
18%
GUZMAN
18%
HAIL
18%
HEATH
18%
HOUSE
18%
LYONS
18%
MARIN
18%
MCDANIEL
18%
MCLEAN
18%
MIDDLETON
18%
MULLINS
18%
MUNOZ
18%
PECK
18%
POOLE
18%
SANTANA
18%
SCHMITT
18%
SELLERS
18%
SLOAN
18%
SNOW
18%
STANTON
18%
UNDERWOOD
18%
VAZQUEZ
18%
WATKINS
18%
WOODWARD
18%
ALVARADO
17%
BURGESS
17%
CHRISTENSEN
17%
CHUNG
17%
CROSBY
17%
DELACRUZ
17%
DUFFY
17%
FRAZIER
17%
FROST
17%
FRY
17%
GILES
17%
HAYNES
17%
HESS
17%
HODGES
17%
HOOD
17%
HUFFMAN
17%
HUTCHINSON
17%
INGRAM
17%
LARSEN
17%
LUNA
17%
MATHEWS
17%
MCGUIRE
17%
MCINTOSH
17%
MIRANDA
17%
MOLINA
17%
NAVA
17%
OSBORNE
17%
PERSON
17%
PHELPS
17%
PRATT
17%
ROJAS
17%
SALAZAR
17%
SHIELDS
17%
SOTO
17%
SPARKS
17%
VAUGHAN
17%
WYATT
17%
ACEVEDO
16%
AYERS
16%
BEARD
16%
BLACKWELL
16%
BULLOCK
16%
CABRERA
16%
CALDWELL
16%
CALLAHAN
16%
CONRAD
16%
FUENTES
16%
HUBBARD
16%
KRAMER
16%
MCKINNEY
16%
MCLAUGHLIN
16%
MCMILLAN
16%
MCPHERSON
16%
MOODY
16%
NAVARRO
16%
NIELSEN
16%
PENA
16%
RANDOLPH
16%
REILLY
16%
RIOS
16%
SCHROEDER
16%
SHEPARD
16%
TANG
16%
VU
16%
WALLER
16%
AGUIRRE
15%
AYALA
15%
BALLARD
15%
BENITEZ
15%
BLACKBURN
15%
BRADSHAW
15%
BRANCH
15%
BRIGGS
15%
BURNETT
15%
CAMPOS
15%
CHOI
15%
COBB
15%
COLON
15%
COMBS
15%
CONTRERAS
15%
CONWAY
15%
DECKER
15%
DURHAM
15%
ESCOBAR
15%
GARZA
15%
GILMORE
15%
HALEY
15%
HARTMAN
15%
HENDRIX
15%
HINES
15%
HUBER
15%
KEMP
15%
KLINE
15%
LIVINGSTON
15%
MALDONADO
15%
MCCORMICK
15%
MCINTYRE
15%
MCKEE
15%
MEADOWS
15%
MELENDEZ
15%
MONTES
15%
MONTOYA
15%
PADILLA
15%
PHAM
15%
ROLLINS
15%
ROTH
15%
RUSSO
15%
SALINAS
15%
SANDOVAL
15%
SHAH
15%
SHEPPARD
15%
SWEENEY
15%
TOWNSEND
15%
VALENCIA
15%
VALENTINE
15%
WARE
15%
WHITAKER
15%
WHITNEY
15%
WIGGINS
15%
ARROYO
14%
BOWERS
14%
BRANDT
14%
CANO
14%
CHERRY
14%
COCHRAN
14%
COLLIER
14%
COPELAND
14%
CORONA
14%
DELEON
14%
DUDLEY
14%
ESPINOZA
14%
FINLEY
14%
FLEMING
14%
GARRISON
14%
GOLDEN
14%
GUERRA
14%
HURST
14%
LARA
14%
MADDEN
14%
MADDOX
14%
MCBRIDE
14%
MCCALL
14%
MCDOWELL
14%
MCKAY
14%
MCMAHON
14%
MEJIA
14%
MELTON
14%
MORROW
14%
MORSE
14%
MULLEN
14%
NOBLE
14%
ORR
14%
PACE
14%
PITTMAN
14%
POTTS
14%
RHODES
14%
ROBLES
14%
ROSAS
14%
SAVAGE
14%
SOLIS
14%
SOSA
14%
VELAZQUEZ
14%
VELEZ
14%
WEEKS
14%
WEISS
14%
WHITEHEAD
14%
ANDRADE
13%
ARIAS
13%
BARTLETT
13%
BAUTISTA
13%
BOYER
13%
CALDERON
13%
CAMACHO
13%
CORDOVA
13%
CORREA
13%
DAVENPORT
13%
DEJESUS
13%
DICKERSON
13%
EATON
13%
ESPINOSA
13%
FAULKNER
13%
FIGUEROA
13%
GALLEGOS
13%
GREER
13%
HICKMAN
13%
HOLLOWAY
13%
LEVY
13%
MATHIS
13%
MCCANN
13%
MCCARTY
13%
MCCLAIN
13%
MOSLEY
13%
MOYER
13%
OCHOA
13%
PARRISH
13%
PATTON
13%
PHAN
13%
REYNA
13%
RIVAS
13%
RUBIO
13%
SALAS
13%
SERRANO
13%
SEXTON
13%
SHAFFER
13%
SINGLETON
13%
SKINNER
13%
STOKES
13%
STRICKLAND
13%
VILLANUEVA
13%
ZUNIGA
13%
ALFARO
12%
BARRERA
12%
BELTRAN
12%
BLANCHARD
12%
BONILLA
12%
BRAVO
12%
BUCKLEY
12%
CARRILLO
12%
CASTANEDA
12%
CERVANTES
12%
CLINE
12%
COFFEY
12%
CONLEY
12%
CUEVAS
12%
DELAROSA
12%
DOUGHERTY
12%
DUARTE
12%
FOLEY
12%
GLASS
12%
HENSLEY
12%
HINTON
12%
HUERTA
12%
JARVIS
12%
KOCH
12%
LEACH
12%
LINDSEY
12%
MCFARLAND
12%
MERCADO
12%
MERRITT
12%
MEZA
12%
PALACIOS
12%
PENNINGTON
12%
POLLARD
12%
PONCE
12%
RICHMOND
12%
SALGADO
12%
SANFORD
12%
SCHAEFER
12%
SIERRA
12%
TRUJILLO
12%
VALENZUELA
12%
VENTURA
12%
WOODARD
12%
ZAMORA
12%
ARELLANO
11%
AVALOS
11%
BEASLEY
11%
BEIL
11%
BERNAL
11%
DAVILA
11%
DYER
11%
FELIX
11%
FRYE
11%
GAINES
11%
GALVAN
11%
GLOVER
11%
GOULD
11%
GRIMES
11%
HANNA
11%
HERRING
11%
HURLEY
11%
IBARRA
11%
MATA
11%
MAYNARD
11%
MURILLO
11%
PACHECO
11%
PARRA
11%
PINEDA
11%
ROBERSON
11%
ROSALES
11%
ROSARIO
11%
ROWLAND
11%
STAFFORD
11%
TERRELL
11%
VILLALOBOS
11%
VILLARREAL
11%
VILLEGAS
11%
WILCOX
11%
XIONG
11%
ZAVALA
11%
BARAJAS
10%
BENDER
10%
CANTRELL
10%
CANTU
10%
CLEMENTS
10%
COMPTON
10%
DAUGHERTY
10%
DODSON
10%
ESQUIVEL
10%
FRIEDMAN
10%
HAYDEN
10%
HESTER
10%
LEBLANC
10%
LOZANO
10%
LUCERO
10%
LUGO
10%
ODOM
10%
QUINTANA
10%
QUINTERO
10%
ROACH
10%
TREJO
10%
TREVINO
10%
WILKERSON
10%
YODER
10%
BLANKENSHIP
9%
DUNLAP
9%
ENRIQUEZ
9%
ESTES
9%
FARLEY
9%
GILLESPIE
9%
HANCOCK
9%
JARAMILLO
9%
KIRBY
9%
LEAL
9%
MAHONEY
9%
MASSEY
9%
MCCONNELL
9%
MEDRANO
9%
OROZCO
9%
PUGH
9%
STOUT
9%
TAPIA
9%
VANG
9%
WILEY
9%
BLEVINS
8%
CALHOUN
8%
CARDENAS
8%
DORSEY
8%
ESPARZA
8%
KAUR
8%
KNAPP
8%
KRUEGER
8%
LANDRY
8%
MACIAS
8%
NOVAK
8%
PORTILLO
8%
PRUITT
8%
TRUONG
8%
CISNEROS
7%
GALINDO
7%
GENTRY
7%
GUEVARA
7%
HARRELL
7%
LOWERY
7%
MAGANA
7%
MCCULLOUGH
7%
PROCTOR
7%
RASMUSSEN
7%
ROCHA
7%
BURCH
6%
MCCLURE
6%
PERALTA
6%
HEBERT
5%
HAHN
4%
HUYNH
4%
RANGEL
3%
No matching quizzes found
Score Distribution
Percent of People with Each Score
Percentile by Number Answered
Your Score History
You have not taken this quiz